000 00435nam a2200169 a 4500
001 14571
003 CO-ViMGA
008 141112s2004 ck r 000 u spa d
040 _aCO-ViMGA
_bspa
_cCO-ViMGA
082 0 4 _a813 M228
100 1 _aMcCullers, Carson
_921308
245 1 0 _aThe member of the wedding
260 _aMassachusetts Bantam Books,
_c1979
300 _a153p.
650 1 4 _aNOVELA ESTADOUNIDENSE
_9761
942 _2ddc
_cBK
999 _c25159
_d25159